[Event "FRA-chT2 West 0708"]
[Site "France"]
[Date "2007.11.25"]
[Round "3.2"]
[White "Frih, Ameur"]
[Black "Demanghon, Jonathan"]
[Result "1/2-1/2"]
[WhiteElo "2115"]
[BlackElo "2214"]
[PlyCount "108"]
[EventDate "2007.10.21"]
[EventType "team-tourn"]
[EventRounds "11"]
[EventCountry "FRA"]
[SourceTitle "EXT 2009"]
[Source "ChessBase"]
[SourceDate "2008.11.26"]
[SourceVersion "1"]
[SourceVersionDate "2008.11.26"]
[SourceQuality "1"]
[WhiteTeam "Bois Colombes II"]
[BlackTeam "Rennes Paul Bert"]
[WhiteTeamCountry "FRA"]
[BlackTeamCountry "FRA"]

1. d4 d5 2. c4 c6 3. Nc3 Nf6 4. Bg5 dxc4 5. a4 Qa5 6. Bd2 e6 7. e3 Bb4 8. Bxc4 0-0 9. Nf3 Rd8 10. 0-0 c5 11. Qe2 Nc6 12. dxc5 h6 13. Rfd1 e5 14. Nb5 Bg4 15. Bxb4 Qxb4 16. Rxd8+ Rxd8 17. Qc2 Bxf3 18. gxf3 Rd2 19. Qc3 Qxc3 20. bxc3 Nd7 21. Nd6 Nxc5 22. Ne4 Nxe4 23. fxe4 Rc2 24. Rd1 Rxc3 25. Bb5 a6 26. Bxc6 Rxc6 27. Rd8+ Kh7 28. Rd7 Rc4 29. a5 f6 30. Rxb7 Ra4 31. Kg2 Rxa5 32. f4 Ra3 33. fxe5 fxe5 34. Re7 Rxe3 35. Rxe5 Re2+ 36. Kg3 a5 37. Rxa5 Rxe4 38. h4 Kg6 39. h5+ Kf6 40. Ra6+ Re6 41. Ra5 Re5 42. Ra6+ Kf5 43. Ra7 Kf6 44. Ra6+ Re6 45. Ra5 Re1 46. Ra6+ Kg5 47. Ra5+ Kf6 48. Ra6+ Kf5 49. Ra5+ Re5 50. Ra7 Re3+ 51. Kf2 Rh3 52. Rf7+ Ke6 53. Rxg7 Rxh5 54. Ra7 Rf5+ 1/2-1/2

[Event "FRA-chT2 West 0708"]
[Site "France"]
[Date "2007.10.21"]
[Round "1.2"]
[White "Tripoteau, Nicolas"]
[Black "Demanghon, Jonathan"]
[Result "1/2-1/2"]
[WhiteElo "2298"]
[BlackElo "2214"]
[PlyCount "72"]
[EventDate "2007.10.21"]
[EventType "team-tourn"]
[EventRounds "11"]
[EventCountry "FRA"]
[SourceTitle "EXT 2009"]
[Source "ChessBase"]
[SourceDate "2008.11.26"]
[SourceVersion "1"]
[SourceVersionDate "2008.11.26"]
[SourceQuality "1"]
[WhiteTeam "Sautron"]
[BlackTeam "Rennes Paul Bert"]
[WhiteTeamCountry "FRA"]
[BlackTeamCountry "FRA"]

1. d4 d5 2. Nf3 Nf6 3. e3 c6 4. c4 e6 5. Nbd2 c5 6. cxd5 exd5 7. dxc5 Bxc5 8. a3 0-0 9. Bd3 Qe7 10. Nb3 Bd6 11. Nbd4 Nc6 12. Nf5 Bxf5 13. Bxf5 Rfd8 14. 0-0 Ne4 15. Qa4 g6 16. Bh3 Qf6 17. Qd1 Ne5 18. Nxe5 Bxe5 19. Rb1 d4 20. Qg4 Ng5 21. exd4 Nxh3+ 22. Qxh3 Bxd4 23. Qg3 Rd5 24. Qb3 Rad8 25. Be3 Bxe3 26. Qxe3 b6 27. h3 Rd2 28. b3 R8d3 29. Qe4 a5 30. a4 Rc3 31. b4 Qd4 32. Qa8+ Kg7 33. bxa5 bxa5 34. Qxa5 Rc4 35. Qb6 Qxb6 36. Rxb6 Rxa4 1/2-1/2

[Event "Avoine op 22nd"]
[Site "Avoine"]
[Date "2007.07.26"]
[Round "6"]
[White "Demanghon, Jonathan"]
[Black "Marie, Maxime"]
[Result "1-0"]
[WhiteElo "2206"]
[BlackElo "2226"]
[PlyCount "89"]
[EventDate "2007.07.21"]
[EventType "swiss"]
[EventRounds "9"]
[EventCountry "FRA"]
[SourceTitle "EXT 2010"]
[Source "ChessBase"]
[SourceDate "2010.11.25"]
[SourceVersion "1"]
[SourceVersionDate "2010.11.25"]
[SourceQuality "1"]

1. d4 Nf6 2. c4 e6 3. Nc3 Bb4 4. Qc2 Nc6 5. Nf3 d6 6. Bg5 h6 7. Bd2 Qe7 8. a3 Bxc3 9. Bxc3 e5 10. d5 Nb8 11. e4 Nbd7 12. b4 0-0 13. Be2 Nh7 14. g3 g6 15. Nh4 Ndf6 16. Bd3 Bh3 17. 0-0-0 c5 18. bxc5 a5 19. Qb2 Nd7 20. cxd6 Qxd6 21. f4 exf4 22. e5 Qb6 23. Qxb6 Nxb6 24. Bd4 Nxc4 25. gxf4 Rfc8 26. Kb1 Nxa3+ 27. Kb2 Nc4+ 28. Kb3 b5 29. Rhg1 a4+ 30. Kb4 a3 31. e6 Nf8 32. Nxg6 Nxg6 33. Bxg6 fxg6 34. Rxg6+ Kf8 35. Rdg1 Ra4+ 36. Kxb5 Ra5+ 37. Kb4 Rxd5 38. Rg8+ Ke7 39. Rxc8 Nd2 40. Bc3 Kxe6 41. Rh8 Kf5 42. Rxh6 Nf3 43. Rg3 Bg4 44. Rf6+ Ke4 45. Rxg4 1-0